Normal view
MARC view
- العلوم-دراسة وتعليم. الرياضيات-دراسة وتعليم
Entry Topical Term
001 - CONTROL NUMBER
- control field: 39155
003 - CONTROL NUMBER IDENTIFIER
- control field: JO-AjAnu
005 - DATE AND TIME OF LATEST TRANSACTION
- control field: 20230606080520.0
008 - FIXED-LENGTH DATA ELEMENTS
- fixed length control field: 230606|| aca||aabn | a|a d
040 ## - CATALOGING SOURCE
- Original cataloging agency: JO-AjAnu
- Transcribing agency: JO-AjAnu
150 ## - HEADING--TOPICAL TERM
- Topical term or geographic name entry element: العلوم-دراسة وتعليم. الرياضيات-دراسة وتعليم
670 ## - SOURCE DATA FOUND
- Source citation: Work cat.: (JO-AjAnu)20080: نصر، رضا محمد مؤلف/عبدالله، عفيف شريف م.مشارك/عطية،عطية محمد م.مشارك, author 39154, تعليم العلوم والرياضيات للأطفال